000 00694nam a22002177a 4500
003 UA-OsUOA
001 102976
007 ta
008 20131007b un ||||| |||| 00| 0 ukr d
100 _aСороківська М.В.
090 _a330;77)
_bС65
942 _cSA
040 _aUA-OsUOA
_bukr
_cUA-OsUOA
_dUA-OsUOA
245 _aСучасний стан та перспективи інвестування страховими компаніями України
300 _aС.114-122
955 _a0
041 _aukr
080 _a330;77)
773 0 _w102973
_tРегіональна економіка
_dЛьвів
_d2013
_g2
650 7 _a330 Економіка взагалі
_2UDC
999 _c389214
_d389214